[Event "Eastern Asia-ch U12"]
[Site "Tornelo INT"]
[Date "2021.10.31"]
[Round "9"]
[White "Sinha, Aarav"]
[Black "Shamsuddin, Sayyid Usmon"]
[Result "1-0"]
[WhiteElo "1263"]
[BlackElo "1521"]
[PlyCount "91"]
[EventDate "2021.10.29"]
[EventType "swiss"]
[EventRounds "9"]
[EventCountry "NET"]
[SourceTitle "EXT 2023"]
[Source "ChessBase"]
[SourceDate "2022.10.05"]
[SourceVersion "1"]
[SourceVersionDate "2022.10.05"]
[SourceQuality "1"]

1. e4 c5 2. Nf3 Nc6 3. d3 g6 4. g3 Bg7 5. Bg2 e6 6. 0-0 Nge7 7. Nbd2 0-0 8. c3 d5 9. exd5 exd5 10. Nb3 b6 11. Re1 a5 12. a4 Bf5 13. Bf4 Qd7 14. Ne5 Nxe5 15. Bxe5 Nc6 16. Bxg7 Kxg7 17. d4 c4 18. Nd2 Rae8 19. Qf3 Rxe1+ 20. Rxe1 Ne7 21. Qf4 f6 22. g4 Be6 23. h4 h6 24. Qe3 Kf7 25. Qxh6 Rg8 26. f3 Qxa4 27. Qe3 Qd7 28. Nf1 Rh8 29. Qf2 Qd6 30. Ne3 Qf4 31. Bh3 f5 32. Ng2 Qd6 33. g5 Nc6 34. Qe3 Bd7 35. Qf2 Nd8 36. f4 Ne6 37. Re5 b5 38. Ne3 Bc6 39. Bg2 Nc7 40. Bf3 b4 41. h5 gxh5 42. Nxf5 Qd7 43. Re7+ Qxe7 44. Nxe7 Kxe7 45. Qe3+ Kf7 46. Qe5 1-0

[Event "Eastern Asia-ch U12"]
[Site "Tornelo INT"]
[Date "2021.10.30"]
[Round "5"]
[White "Sinha, Aarav"]
[Black "Daakshin, Arun"]
[Result "0-1"]
[WhiteElo "1263"]
[BlackElo "1461"]
[PlyCount "74"]
[EventDate "2021.10.29"]
[EventType "swiss"]
[EventRounds "9"]
[EventCountry "NET"]
[SourceTitle "EXT 2023"]
[Source "ChessBase"]
[SourceDate "2022.10.05"]
[SourceVersion "1"]
[SourceVersionDate "2022.10.05"]
[SourceQuality "1"]

1. e4 c5 2. Nf3 d6 3. d4 cxd4 4. Nxd4 Nf6 5. Nc3 a6 6. f4 e5 7. Nf3 Qc7 8. Bd3 Nbd7 9. 0-0 Be7 10. Kh1 b5 11. a3 Bb7 12. Qe1 0-0 13. Bd2 Nc5 14. b4 Ne6 15. fxe5 dxe5 16. Nd5 Nxd5 17. exd5 Bxd5 18. Qxe5 Bxf3 19. Qxc7 Bxg2+ 20. Kxg2 Nxc7 21. Rae1 Bd6 22. c4 Rad8 23. Rf3 bxc4 24. Bxc4 Bxh2 25. Bg5 Rd4 26. Bxf7+ Rxf7 27. Rxf7 Kxf7 28. Kxh2 Nd5 29. Bc1 h6 30. Kg3 g5 31. Bb2 Rd3+ 32. Kg4 Rb3 33. Re2 Nf4 34. Rc2 Nd5 35. Re2 Rd3 36. Bc1 Kg6 37. Re6+ Nf6+ 0-1